00834 a2200217 4500003000500000005001700005010001600022020002400038020002200062040000900084082001500093100002900108245011900137260005300256300003400309505018800343650001800531650002900549700001900578700001900597Nust20230116141239.0 a 83004604 a0136414494 (pbk.) : a0136414567 (hard) cNust00a650.14,FOR2 aForisha-Kovach, Barbara.10aOrganizational sync :bmaking your job work for you /cBarbara Forisha-Kovach, with Randy Kovach and Glenn Morris. aEnglewood Cliffs, N.J. :bPrentice-Hall,cc1983. axii, 208 p. :bill. ;c23 cm. aIndividual Orientations and Organizational Structures (Page-10), Individual Orientations and Organizational Structure (Page-87), Increasing Organizational Synchrony (Page-149).  0aOrganization. 0aOrganizational behavior.1 aKovach, Randy.1 aMorris, Glenn.